000 01307nam a2200301 a 4500
003 DO-SdBNP
005 20240829145737.0
007 ta
008 221122e2002 dr adb|gr|||| 001 1 spa d
040 _aDO-SdBNP
_bspa
_cBNPHU
082 4 _222
_bF981e
110 2 _aFundación Moscoso Puello (República Dominicana)
_982856
245 1 0 _aEvaluación Ecológica Integral:
_bparque nacional Juan B. Pérez Rancier, Valle Nuevo, República Dominicana. /
_cEditor, Francisco Núñez.
260 _a[Cosntanza], República Dominicana :
_bUSAID,
_c2002
300 _a47 p. :
_bil., gráf., mapas ;
_c28 cm.
590 _aInventariado 2022 / MF
650 4 _910767
_aReursos Naturales
_zRepública Dominicana
650 4 _922057
_aFlora Forestal
_zRepública Dominicana
650 0 _963414
_aFlora Fauna
_zRepública Dominicana
650 0 _aParques Nacionales
_zRepública Dominicana
_97049
650 4 _924085
_aPlanificación de Parques Nacionales
_zRepública Dominicana
700 _972290
_aNúñez, Francisco
_eed.
710 1 _aRepública Dominicana.
_b Secretaría de Estado de Medio Ambiente y Recursos Naturales
_914503
710 2 _981726
_aAgencias de los Estados Unidos para el Desarrollo Internacional (USAID)
710 2 _aThe Nature Conservancy (TNC)
_982857
910 _aMFeliz
942 _2ddc
_cLBS1
999 _c52985
_d52985